000 00515nam a2200181Ia 4500
008 131103s9999 xx 000 0 und d
040 _aLoreto College
041 _aEnglish
082 _a032/ENC
_bLCLIB
245 _aEncyclopaedia Britannica
_b a new survey of universal knowledge
260 _aChicago
_bEncyclopedia britanica
_c1768
300 _aV.23
_b ills.
_c 28c.m.
504 _aVase to zygote
650 _aEncyclopaedia
651 _aEnclyopaedic dictinary
850 _aLCLIB/032/ENC
942 _cBK
999 _c23550
_d74029